Central Library and Information Centre
Sibsagar Girls' College, Sivasagar : Assam

CLASSIACAL MECHANICS (Record no. 10098)

MARC details
000 -LEADER
fixed length control field 00502cam a2200205ua 4500
008 - FIXED-LENGTH DATA ELEMENTS--GENERAL INFORMATION
fixed length control field 160304n2001 II |||gr||||Z||||||eng
040 ## - CATALOGING SOURCE
Original cataloging agency MAIN
041 ## - LANGUAGE CODE
-- English
082 ## - DEWEY DECIMAL CLASSIFICATION NUMBER
Classification number 531 GUP
100 ## - MAIN ENTRY--PERSONAL NAME
Personal name GUPTA , S.L .
245 ## - TITLE STATEMENT
Title CLASSIACAL MECHANICS
250 ## - EDITION STATEMENT
Edition statement 19TH.
260 ## - PUBLICATION, DISTRIBUTION, ETC.
Place of publication, distribution, etc. MEERUT
Name of publisher, distributor, etc. PRAGATI PRAKASHAN
Date of publication, distribution, etc. 2001
300 ## - PHYSICAL DESCRIPTION
Extent (1--p.):
Dimensions 20CM.
700 ## - ADDED ENTRY--PERSONAL NAME
Personal name GUPTA , S.L .,
Relator term Author.
700 ## - ADDED ENTRY--PERSONAL NAME
Personal name KUMAR , V .
942 ## - ADDED ENTRY ELEMENTS (KOHA)
Koha item type Books
653 ## - INDEX TERM--UNCONTROLLED
Uncontrolled term Classical mechanics solid mechanics
Holdings
Withdrawn status Lost status Damaged status Not for loan Collection code Home library Current library Shelving location Date acquired Full call number Barcode Date last seen Copy number Price effective from Koha item type
        REFPHY Central Library and Information Centre Sibsagar Girls College Central Library and Information Centre Sibsagar Girls College Physics Rack 04.02.1984 531 GUP 08833 27.02.2020 1 27.02.2020 Books


Sibsagar Girl's College © 2020. All rights reserved.
Powered by Koha.
Maintained by Abhijit Borpuzari.